| 000 | 00886nam a22002177a 4500 | ||
|---|---|---|---|
| 999 |
_c10149 _d10149 |
||
| 003 | AR-CdUCM | ||
| 008 | 190329b ||||| |||| 00| 0 spa d | ||
| 040 |
_aMUNICIPALIDAD PROVINCIAL DEL CUSCO _cBIBLIOTECA MUNICIPAL DEL CUSCO |
||
| 082 |
_a151 / _bB41 / 1948 |
||
| 100 |
_aBello, Andres _911162 |
||
| 245 | _aFilosofía del entendimiento / | ||
| 260 |
_aMéxico, D.F : _bFondo de Cultura Económica, _c1948. |
||
| 300 |
_axcvii, 476 paginas ; _c22 cm. |
||
| 440 |
_aSerie Literatura moderna "pensamiento y acción" _926835 |
||
| 505 | _aContenido : De la percepción -- De las percepciones intuitivas y de la conciencia -- De las percepciones sensitivas internas -- De las percepciones relativas -- De la semejanza y la diferencia... | ||
| 650 |
_aFilosofia _9395 |
||
| 650 |
_aAndes Bello _926836 |
||
| 650 |
_aPercepciones _926837 |
||
| 942 |
_2ddc _cLIBROS |
||
| 945 | _awnts | ||